Polska transformacja - między teorią a praktyką

Salvato in:
Dettagli Bibliografici
Altri autori: Ratajczak, Marek
Natura: Libro
Lingua:polacco
inglese
Pubblicazione: Poznań Wydawnictwo Uniwersytetu Ekonomicznego w Poznaniu 2009
Serie:Zeszyty naukowe 118
Soggetti:
Tags: Aggiungi Tag
Nessun Tag, puoi essere il primo ad aggiungerne!!

MARC

LEADER 00000nam$a2200000$$$4500
001 0107935
005 20230120103814.5
020 |a 978-83-7417-402-2 
022 |a 1689-7374 
041 0 |a pol 
041 0 |a eng 
044 |a PL 
245 1 0 |a Polska transformacja - między teorią a praktyką  |c redaktor naukowy Marek Ratajczak 
264 1 |a Poznań  |b Wydawnictwo Uniwersytetu Ekonomicznego w Poznaniu  |c 2009 
300 |a 142 s. 
490 1 |a Zeszyty naukowe  |v 118 
830 0 |a Zeszyty naukowe  |v 118 
610 2 0 |a transformácia 
610 2 0 |a trh práce 
610 2 0 |a banky 
610 2 0 |a politika fiškálna 
610 2 0 |a inflácia 
610 2 0 |a Európska únia 
610 2 0 |a Poľsko 
700 1 |a Ratajczak, Marek